Online
Catalog

Asimov-I / (Record no. 42919)

MARC details
000 -CABECERA
campo de control de longitud fija 00957nam a2200289 a 4500
001 - NÚMERO DE CONTROL
campo de control 000043430
005 - FECHA Y HORA DE LA ÚLTIMA TRANSACCIÓN
campo de control 20201002040915.0
008 - DATOS DE LONGITUD FIJA--INFORMACIÓN GENERAL
campo de control de longitud fija 140314s1983 sp 000 0 spa d
020 ## - NÚMERO INTERNACIONAL ESTÁNDAR DEL LIBRO
Número Internacional Estándar del Libro 8402046290
040 ## - FUENTE DE LA CATALOGACIÓN
Centro catalogador/agencia de origen DO-SdBNP
Lengua de catalogación spa
Centro/agencia transcriptor BNPHU
041 17 - CÓDIGO DE LENGUA
Código de lengua del texto/banda sonora o título independiente eng
Código de lengua original spa
082 ## - NÚMERO DE LA CLASIFICACIÓN DECIMAL DEWEY
Número de clasificación 813.54
Número de documento/Ítem A832a, 1983
100 1# - ENTRADA PRINCIPAL--NOMBRE DE PERSONA
Nombre de persona Asimov, Isaac,
Fechas asociadas al nombre 1920-1992.
9 (RLIN) 13328
240 10 - TÍTULO UNIFORME
Título uniforme the early Asimov
Lenguaje de la obra Español.
245 10 - MENCIÓN DE TÍTULO
Título Asimov-I /
Mención de responsabilidad, etc. Isaac Asimov ; traducción Ma. Teresa Segur.
246 14 - FORMA VARIANTE DE TÍTULO
Título propio/Titulo breve Isaac Asimov :
Resto del título selección I
250 ## - MENCIÓN DE EDICIÓN
Mención de edición 5a ed.
260 ## - PUBLICACIÓN, DISTRIBUCIÓN, ETC.
Lugar de publicación, distribución, etc. Barcelona :
Nombre del editor, distribuidor, etc. Bruguera,
Fecha de publicación, distribución, etc. 1983.
300 ## - DESCRIPCIÓN FÍSICA
Extensión 250 p. ;
Dimensiones 18 cm.
490 1# - MENCIÓN DE SERIE
Mención de serie Bruguera. Libro amigo
Designación de volumen o secuencia 336
500 ## - NOTA GENERAL
Nota general Incluye notas al pie de las páginas
600 14 - PUNTO DE ACCESO ADICIONAL DE MATERIA--NOMBRE DE PERSONA
Nombre de persona ASIMOV, ISAAC
Fechas asociadas al nombre 1920-1992
Subdivisión de forma ANTOLOGÍAS
9 (RLIN) 71092
650 #4 - PUNTO DE ACCESO ADICIONAL DE MATERIA--TÉRMINO DE MATERIA
Término de materia o nombre geográfico como elemento de entrada Novela norteamericana
Subdivisión cronológica SIGLO XX
9 (RLIN) 71093
700 12 - PUNTO DE ACCESO ADICIONAL--NOMBRE DE PERSONA
Nombre de persona Segur, Ma. Teresa
Término indicativo de función/relación tr.
9 (RLIN) 71094
830 #0 - PUNTO DE ACCESO ADICIONAL DE SERIE-TÍTULO UNIFORME
Título uniforme Bruguera. Libro amigo ;
Número de parte o sección de la obra 336
9 (RLIN) 71095
910 ## - DATOS DE OPCIÓN DEL USUARIO (OCLC)
Datos de opción del usuario Validado. Control de calidad MFF
Holdings
Estado de retiro Estado de pérdida Restricciones de uso No para préstamo Código de colección Localización permanente Ubicación/localización actual Ubicación en estantería Fecha de adquisición Número de inventario Total de préstamos Signatura topográfica completa Código de barras Fecha visto por última vez Precio válido a partir de Tipo de ítem Koha
      Excluido de préstamo Monografías: Libros y Folletos General General Depósito 14.03.2014 LF1   813.54 A832a, 1983 43430-10 25.06.2020 25.06.2020 No se presta

Powered by Koha